Z jakiego kraju jest podany piłkarz? #3 - Statystyki

Ogólne statystyki
  • Ten quiz został rozwiązany 43 razy
  • Średni wynik to 7 z 7
Statystyki odpowiedzi
Hint Odpowiedź % Poprawnych
Alisson Becker Brazylia
97%
P. Cech Czechy
97%
E. Haaland Norwegia
97%
A. Milik (GOAT) Polska
97%
B. Fernandes Portugalia
97%
P. Foden Anglia
95%
A. Isak Szwecja
92%
Nie znaleziono quizów pasujących do podanych kryteriów
Rozkład punktacji
Procent ludzi z każdym wynikiem
Percentyl według liczby udzielonych odpowiedzi
Twoja historia wyników
Nie rozwiązałeś tego quizu